[Event "VI Sunway Sitges Open 2019"]
[Site "Sitges"]
[Date "2019.12.16"]
[Round "4.32"]
[White "Liang, Awonder"]
[Black "Sankalp Gupta"]
[Result "1-0"]
[WhiteElo "2593"]
[BlackElo "2365"]
[Annotator "ChessBase"]
[PlyCount "55"]
[EventDate "2019.12.13"]
[EventType "swiss"]
[EventCountry "ESP"]
[SourceTitle "playchess.com"]
[Source "ChessBase"]
[SourceQuality "1"]
[TimeControl "40/5400+30:1800+30"]

1. Nf3 {[%emt 0:05:05]} Nf6 {[%emt 0:00:00]} 2. c4 {[%emt 0:00:10]} g6 {[%emt 0:00:02]} 3. Nc3 {[%emt 0:00:09]} d5 {[%emt 0:00:01]} 4. cxd5 {[%emt 0:00:10]} Nxd5 {[%emt 0:00:02]} 5. h4 {[%emt 0:00:13]} h6 {[%emt 0:02:41]} 6. e4 {[%emt 0:00:38]} Nxc3 {[%emt 0:00:52]} 7. bxc3 {[%emt 0:00:08]} Bg7 {[%emt 0:00:24]} 8. d4 {[%emt 0:00:20]} c5 {[%emt 0:01:05]} 9. Rb1 {[%emt 0:00:43]} cxd4 {[%emt 0:01:35]} 10. cxd4 {[%emt 0:00:09]} O-O {[%emt 0:01:40]} 11. Be2 {[%emt 0:06:35]} Qa5+ {[%emt 0:10:19]} 12. Bd2 {[%emt 0:00:07]} Qxa2 {[%emt 0:00:05]} 13. O-O {[%emt 0:00:07]} Bg4 {[%emt 0:07:04]} 14. Rxb7 {[%emt 0:00:09]} Nd7 {[%emt 0:07:58]} 15. h5 {[%emt 0:11:06]} Rab8 {[%emt 0:10:12]} 16. Rxb8 {[%emt 0:07:14]} Rxb8 {[%emt 0:00:03]} 17. hxg6 {[%emt 0:01:52]} Rb2 {[%emt 0:03:58]} 18. gxf7+ {[%emt 0:14:49]} Kf8 {[%emt 0:11:37]} 19. Bd3 {[%emt 0:15:30]} Bxf3 {[%emt 0:00:27]} 20. Qxf3 {[%emt 0:00:05]} Rxd2 {[%emt 0:00:07]} 21. e5 {[%emt 0:00:07]} Qb3 {[%emt 0:18:11]} 22. Qc6 {[%emt 0:08:55]} Rxd3 {[%emt 0:07:47]} 23. e6 {[%emt 0:01:28]} Rc3 {[%emt 0:00:06]} 24. Qxd7 {[%emt 0:00:04]} Qb8 {[%emt 0:00:03]} 25. d5 {[%emt 0:11:12]} Be5 {[%emt 0:05:13]} 26. Qa4 {[%emt 0:00:45]} Bf4 {[%emt 0:02:35]} 27. d6 {[%emt 0:00:37]} Bxd6 {[%emt 0:01:38]} 28. Qg4 {[%emt 0:00:11]} 1-0

[Event "VI Sunway Sitges Open 2019"]
[Site "Sitges"]
[Date "2019.12.16"]
[Round "4.33"]
[White "Meister, Peter"]
[Black "Peralta, Fernando"]
[Result "0-1"]
[WhiteElo "2373"]
[BlackElo "2577"]
[Annotator "ChessBase"]
[PlyCount "76"]
[EventDate "2019.12.13"]
[EventType "swiss"]
[EventCountry "ESP"]
[SourceTitle "playchess.com"]
[Source "ChessBase"]
[SourceQuality "1"]
[TimeControl "40/5400+30:1800+30"]

1. d4 {[%emt 0:00:00]} Nf6 {[%emt 0:00:00]} 2. Nf3 {[%emt 0:00:00]} e6 {[%emt 0:00:00]} 3. c4 {[%emt 0:00:24]} b6 {[%emt 0:00:15]} 4. a3 {[%emt 0:01:36]} Bb7 {[%emt 0:00:17]} 5. Nc3 {[%emt 0:00:07]} d5 {[%emt 0:00:12]} 6. Bg5 {[%emt 0:01:18]} Be7 {[%emt 0:00:35]} 7. Qa4+ {[%emt 0:00:43]} Bc6 {[%emt 0:07:31]} 8. Qb3 {[%emt 0:02:11]} dxc4 {[%emt 0:00:33]} 9. Qxc4 {[%emt 0:00:10]} O-O {[%emt 0:00:14]} 10. Rd1 {[%emt 0:25:29]} Bb7 {[%emt 0:10:26]} 11. Bxf6 {[%emt 0:04:59]} Bxf6 {[%emt 0:00:11]} 12. e4 {[%emt 0:00:18]} a6 {[%emt 0:12:28]} 13. Be2 {[%emt 0:03:14]} b5 {[%emt 0:05:14]} 14. Qa2 {[%emt 0:07:35]} c5 {[%emt 0:15:34]} 15. e5 {[%emt 0:03:28]} Be7 {[%emt 0:00:08]} 16. dxc5 {[%emt 0:10:32]} Qc7 {[%emt 0:00:27]} 17. b4 {[%emt 0:00:12]} Nd7 {[%emt 0:00:36]} 18. O-O {[%emt 0:01:10]} Rad8 {[%emt 0:00:43]} 19. Qc2 {[%emt 0:08:26]} Nxe5 {[%emt 0:02:57]} 20. Nxe5 {[%emt 0:00:46]} Qxe5 {[%emt 0:00:04]} 21. Bd3 {[%emt 0:00:55]} g6 {[%emt 0:16:53]} 22. Rfe1 {[%emt 0:02:08]} Qc7 {[%emt 0:01:29]} 23. Be4 {[%emt 0:04:36]} Bc8 {[%emt 0:00:14]} 24. g3 {[%emt 0:13:17]} f5 {[%emt 0:02:31]} 25. Bg2 {[%emt 0:00:25]} Bf6 {[%emt 0:00:08]} 26. Ne2 {[%emt 0:01:03]} Be5 {[%emt 0:08:30]} 27. Nc1 {[%emt 0:01:53]} Bg7 {[%emt 0:01:00]} 28. f4 {[%emt 0:02:15]} e5 {[%emt 0:01:28]} 29. fxe5 {[%emt 0:00:46]} Bxe5 {[%emt 0:00:13]} 30. Nd3 {[%emt 0:00:15]} Bd4+ {[%emt 0:01:05]} 31. Kh1 {[%emt 0:00:05]} g5 {[%emt 0:00:30]} 32. Re2 {[%emt 0:03:35]} f4 {[%emt 0:00:51]} 33. Ne1 {[%emt 0:00:24]} fxg3 {[%emt 0:05:42]} 34. Red2 {[%emt 0:00:09]} Bb7 {[%emt 0:03:50]} 35. c6 {[%emt 0:00:04]} Bxc6 {[%emt 0:00:34]} 36. Qb3+ {[%emt 0:01:50]} Kh8 {[%emt 0:00:22]} 37. hxg3 {[%emt 0:01:29]} Rf1+ {[%emt 0:02:07]} 38. Kh2 {[%emt 0:00:04]} Bg1+ {[%emt 0:00:55]} 0-1

[Event "VI Sunway Sitges Open 2019"]
[Site "Sitges"]
[Date "2019.12.16"]
[Round "4.34"]
[White "Sorensen, Hampus"]
[Black "Harutyunian, Tigran K."]
[Result "0-1"]
[WhiteElo "2364"]
[BlackElo "2540"]
[Annotator "ChessBase"]
[PlyCount "146"]
[EventDate "2019.12.13"]
[EventType "swiss"]
[EventCountry "ESP"]
[SourceTitle "playchess.com"]
[Source "ChessBase"]
[SourceQuality "1"]
[TimeControl "40/5400+30:1800+30"]

1. d4 {[%emt 0:00:00]} Nf6 {[%emt 0:00:00]} 2. c4 {[%emt 0:00:00]} e6 {[%emt 0:00:18]} 3. Nf3 {[%emt 0:00:36]} b6 {[%emt 0:00:29]} 4. a3 {[%emt 0:00:32]} Bb7 {[%emt 0:00:18]} 5. Nc3 {[%emt 0:00:22]} d5 {[%emt 0:00:16]} 6. Bg5 {[%emt 0:02:23]} Be7 {[%emt 0:00:50]} 7. Qa4+ {[%emt 0:04:07]} Bc6 {[%emt 0:00:49]} 8. Qb3 {[%emt 0:11:30]} dxc4 {[%emt 0:01:12]} 9. Qxc4 {[%emt 0:00:03]} a6 {[%emt 0:00:13]} 10. g3 {[%emt 0:02:41]} Bxf3 {[%emt 0:06:17]} 11. exf3 {[%emt 0:00:39]} O-O {[%emt 0:00:07]} 12. Bg2 {[%emt 0:02:31]} b5 {[%emt 0:01:37]} 13. Qd3 {[%emt 0:01:06]} c5 {[%emt 0:01:24]} 14. Rd1 {[%emt 0:01:06]} c4 {[%emt 0:04:50]} 15. Qe2 {[%emt 0:06:46]} Ra7 {[%emt 0:03:12]} 16. Be3 {[%emt 0:02:34]} Nd5 {[%emt 0:07:07]} 17. Nxd5 {[%emt 0:02:05]} exd5 {[%emt 0:00:30]} 18. f4 {[%emt 0:01:10]} b4 {[%emt 0:21:08]} 19. axb4 {[%emt 0:00:34]} Bxb4+ {[%emt 0:00:12]} 20. Kf1 {[%emt 0:00:11]} a5 {[%emt 0:01:26]} 21. Qf3 {[%emt 0:13:29]} Rd7 {[%emt 0:00:54]} 22. g4 {[%emt 0:01:10]} f5 {[%emt 0:02:14]} 23. gxf5 {[%emt 0:01:35]} Nc6 {[%emt 0:01:23]} 24. f6 {[%emt 0:02:04]} Qxf6 {[%emt 0:02:39]} 25. Bh3 {[%emt 0:01:48]} Rdd8 {[%emt 0:01:07]} 26. Rg1 {[%emt 0:02:26]} c3 {[%emt 0:02:41]} 27. bxc3 {[%emt 0:00:13]} Bxc3 {[%emt 0:00:06]} 28. Qg4 {[%emt 0:08:48]} Nxd4 {[%emt 0:06:18]} 29. Bxd4 {[%emt 0:06:38]} Bxd4 {[%emt 0:00:31]} 30. Qe6+ {[%emt 0:00:07]} Kh8 {[%emt 0:00:11]} 31. Qxf6 {[%emt 0:00:08]} Bxf6 {[%emt 0:00:07]} 32. Rg3 {[%emt 0:00:33]} d4 {[%emt 0:16:02]} 33. Ra3 {[%emt 0:02:40]} Rd5 {[%emt 0:00:59]} 34. Rda1 {[%emt 0:03:38]} Bd8 {[%emt 0:01:06]} 35. Be6 {[%emt 0:00:49]} Rd6 {[%emt 0:01:16]} 36. f5 {[%emt 0:00:24]} g6 {[%emt 0:00:16]} 37. Rb1 {[%emt 0:01:37]} d3 {[%emt 0:02:11]} 38. Rd1 {[%emt 0:02:36]} d2 {[%emt 0:01:39]} 39. Ra2 {[%emt 0:00:55]} Bg5 {[%emt 0:02:09]} 40. Rxa5 {[%emt 0:00:00]} Bh6 {[%emt 0:00:00]} 41. Rc5 {[%emt 0:12:46]} gxf5 {[%emt 0:05:59]} 42. Bb3 {[%emt 0:02:42]} Kg7 {[%emt 0:01:59]} 43. Bc2 {[%emt 0:02:35]} Kg6 {[%emt 0:01:35]} 44. Ke2 {[%emt 0:00:45]} Bg5 {[%emt 0:04:21]} 45. h4 {[%emt 0:04:02]} Re8+ {[%emt 0:08:52]} 46. Kf3 {[%emt 0:03:28]} Bxh4 {[%emt 0:00:46]} 47. Rxf5 {[%emt 0:04:06]} Kg7 {[%emt 0:00:48]} 48. Rg1+ {[%emt 0:04:55]} Kh8 {[%emt 0:03:04]} 49. Rh1 {[%emt 0:04:38]} Rc8 {[%emt 0:01:10]} 50. Bd1 {[%emt 0:02:18]} Bf6 {[%emt 0:01:27]} 51. Rf4 {[%emt 0:02:03]} Re6 {[%emt 0:04:20]} 52. Re4 {[%emt 0:02:23]} Rxe4 {[%emt 0:01:12]} 53. Kxe4 {[%emt 0:00:31]} Re8+ {[%emt 0:00:37]} 54. Kd3 {[%emt 0:01:17]} Re1 {[%emt 0:00:51]} 55. Rh6 {[%emt 0:01:18]} Kg7 {[%emt 0:02:04]} 56. Kxd2 {[%emt 0:01:06]} Bc3+ {[%emt 0:00:41]} 57. Kxc3 {[%emt 0:00:41]} Kxh6 {[%emt 0:00:34]} 58. Kd2 {[%emt 0:00:56]} Re7 {[%emt 0:00:38]} 59. Be2 {[%emt 0:00:47]} Kg5 {[%emt 0:00:45]} 60. Ke1 {[%emt 0:00:48]} Kh4 {[%emt 0:02:17]} 61. Kf1 {[%emt 0:00:59]} Kh3 {[%emt 0:00:36]} 62. Bf3 {[%emt 0:00:57]} Kh2 {[%emt 0:00:27]} 63. Bh5 {[%emt 0:00:56]} Re5 {[%emt 0:01:06]} 64. Bg4 {[%emt 0:01:04]} h5 {[%emt 0:00:09]} 65. Bd7 {[%emt 0:00:43]} h4 {[%emt 0:01:33]} 66. Bc8 {[%emt 0:00:36]} h3 {[%emt 0:00:46]} 67. Bb7 {[%emt 0:00:49]} Rb5 {[%emt 0:00:54]} 68. Bc6 {[%emt 0:00:48]} Rb1+ {[%emt 0:01:17]} 69. Ke2 {[%emt 0:00:07]} Kg1 {[%emt 0:00:13]} 70. f4 {[%emt 0:00:04]} h2 {[%emt 0:00:19]} 71. Ke3 {[%emt 0:00:18]} Rf1 {[%emt 0:00:18]} 72. Bb7 {[%emt 0:00:16]} h1=Q {[%emt 0:00:59]} 73. Bxh1 {[%emt 0:00:06]} Kxh1 {[%emt 0:00:02]} 0-1

[Event "VI Sunway Sitges Open 2019"]
[Site "Sitges"]
[Date "2019.12.16"]
[Round "4.35"]
[White "Esplugas Esteve, Vicenc"]
[Black "Sindarov, Javokhir"]
[Result "0-1"]
[WhiteElo "2366"]
[BlackElo "2526"]
[Annotator "ChessBase"]
[PlyCount "80"]
[EventDate "2019.12.13"]
[EventType "swiss"]
[EventCountry "ESP"]
[SourceTitle "playchess.com"]
[Source "ChessBase"]
[SourceQuality "1"]
[TimeControl "40/5400+30:1800+30"]

1. d4 {[%emt 0:00:00]} Nf6 {[%emt 0:00:15]} 2. c4 {[%emt 0:00:00]} g6 {[%emt 0:00:04]} 3. Nc3 {[%emt 0:00:00]} d5 {[%emt 0:00:03]} 4. cxd5 {[%emt 0:00:00]} Nxd5 {[%emt 0:00:04]} 5. e4 {[%emt 0:00:00]} Nxc3 {[%emt 0:00:02]} 6. bxc3 {[%emt 0:00:02]} Bg7 {[%emt 0:00:03]} 7. Bc4 {[%emt 0:00:06]} O-O {[%emt 0:00:03]} 8. Ne2 {[%emt 0:00:05]} c5 {[%emt 0:00:03]} 9. O-O {[%emt 0:00:10]} Nc6 {[%emt 0:00:02]} 10. Be3 {[%emt 0:00:07]} Bg4 {[%emt 0:00:02]} 11. f3 {[%emt 0:00:10]} Bd7 {[%emt 0:00:02]} 12. Rb1 {[%emt 0:00:11]} Qc7 {[%emt 0:00:04]} 13. Bd3 {[%emt 0:00:24]} Rad8 {[%emt 0:00:53]} 14. Qd2 {[%emt 0:01:55]} Bc8 {[%emt 0:03:23]} 15. Rfc1 {[%emt 0:01:21]} b6 {[%emt 0:00:29]} 16. d5 {[%emt 0:10:59]} Ne5 {[%emt 0:00:28]} 17. c4 {[%emt 0:01:32]} e6 {[%emt 0:22:27]} 18. Bg5 {[%emt 0:11:02]} Rd7 {[%emt 0:00:04]} 19. Rb3 {[%emt 0:01:50]} exd5 {[%emt 0:14:21]} 20. cxd5 {[%emt 0:18:02]} c4 {[%emt 0:00:13]} 21. Kh1 {[%emt 0:05:31]} Ba6 {[%emt 0:09:26]} 22. Bf4 {[%emt 0:13:38]} Rc8 {[%emt 0:06:25]} 23. Rbc3 {[%emt 0:16:16]} Qd8 {[%emt 0:16:48]} 24. Bb1 {[%emt 0:01:14]} Nd3 {[%emt 0:01:38]} 25. Bxd3 {[%emt 0:00:09]} Bxc3 {[%emt 0:00:04]} 26. Rxc3 {[%emt 0:00:08]} cxd3 {[%emt 0:00:18]} 27. Nd4 {[%emt 0:00:20]} Rxc3 {[%emt 0:06:08]} 28. Qxc3 {[%emt 0:00:02]} Qf6 {[%emt 0:06:21]} 29. g3 {[%emt 0:02:09]} g5 {[%emt 0:00:22]} 30. Bb8 {[%emt 0:02:18]} Rd8 {[%emt 0:01:01]} 31. e5 {[%emt 0:01:01]} Qg6 {[%emt 0:00:20]} 32. Nc6 {[%emt 0:01:09]} Qxc6 {[%emt 0:00:27]} 33. Qxc6 {[%emt 0:00:58]} d2 {[%emt 0:00:02]} 34. Qc2 {[%emt 0:00:31]} Rxd5 {[%emt 0:00:05]} 35. Qd1 {[%emt 0:01:20]} Be2 {[%emt 0:00:04]} 36. Qxe2 {[%emt 0:00:29]} d1=Q+ {[%emt 0:00:05]} 37. Qxd1 {[%emt 0:00:14]} Rxd1+ {[%emt 0:00:03]} 38. Kg2 {[%emt 0:00:05]} Rd2+ {[%emt 0:00:04]} 39. Kh3 {[%emt 0:00:06]} Rxa2 {[%emt 0:00:04]} 40. Kg4 {[%emt 0:00:00]} b5 {[%emt 0:00:00]} 0-1

[Event "VI Sunway Sitges Open 2019"]
[Site "Sitges"]
[Date "2019.12.16"]
[Round "4.36"]
[White "Bjerre, Jonas Buhl"]
[Black "Sarkar, Justin"]
[Result "1/2-1/2"]
[WhiteElo "2526"]
[BlackElo "2360"]
[Annotator "ChessBase"]
[PlyCount "124"]
[EventDate "2019.12.13"]
[EventType "swiss"]
[EventCountry "ESP"]
[SourceTitle "playchess.com"]
[Source "ChessBase"]
[SourceQuality "1"]
[TimeControl "40/5400+30:1800+30"]

1. d4 {[%emt 0:00:00]} d5 {[%emt 0:00:28]} 2. c4 {[%emt 0:00:00]} dxc4 {[%emt 0:00:15]} 3. e4 {[%emt 0:00:08]} e5 {[%emt 0:01:21]} 4. Nf3 {[%emt 0:00:32]} Bb4+ {[%emt 0:00:21]} 5. Nc3 {[%emt 0:01:42]} Nf6 {[%emt 0:04:53]} 6. Nxe5 {[%emt 0:20:54]} b5 {[%emt 0:00:19]} 7. Bg5 {[%emt 0:18:01]} h6 {[%emt 0:28:45]} 8. Bxf6 {[%emt 0:05:10]} Qxf6 {[%emt 0:00:20]} 9. Be2 {[%emt 0:01:52]} c5 {[%emt 0:35:47]} 10. O-O {[%emt 0:07:20]} cxd4 {[%emt 0:00:04]} 11. Qxd4 {[%emt 0:01:26]} Nd7 {[%emt 0:03:32]} 12. Nf3 {[%emt 0:12:47]} Bxc3 {[%emt 0:00:43]} 13. bxc3 {[%emt 0:00:32]} Nb6 {[%emt 0:02:01]} 14. Qc5 {[%emt 0:05:35]} Bd7 {[%emt 0:00:27]} 15. Nd4 {[%emt 0:04:46]} Na4 {[%emt 0:03:48]} 16. Qd5 {[%emt 0:03:55]} O-O {[%emt 0:03:54]} 17. Qxd7 {[%emt 0:03:13]} Nxc3 {[%emt 0:00:14]} 18. e5 {[%emt 0:01:54]} Qb6 {[%emt 0:03:41]} 19. Bxc4 {[%emt 0:03:07]} Rad8 {[%emt 0:00:28]} 20. Qc6 {[%emt 0:01:27]} Qxd4 {[%emt 0:06:26]} 21. Bxb5 {[%emt 0:01:11]} Rd5 {[%emt 0:00:20]} 22. e6 {[%emt 0:01:26]} fxe6 {[%emt 0:01:41]} 23. Bc4 {[%emt 0:00:52]} Rd6 {[%emt 0:00:28]} 24. Bxe6+ {[%emt 0:00:22]} Kh8 {[%emt 0:00:08]} 25. Qc4 {[%emt 0:00:06]} Qf6 {[%emt 0:01:15]} 26. Bg4 {[%emt 0:01:14]} Rd4 {[%emt 0:00:49]} 27. Qe6 {[%emt 0:01:55]} Qg5 {[%emt 0:00:05]} 28. h3 {[%emt 0:01:03]} Rd2 {[%emt 0:00:55]} 29. Qc4 {[%emt 0:00:53]} Nd5 {[%emt 0:00:31]} 30. Qc5 {[%emt 0:00:22]} Qf6 {[%emt 0:00:29]} 31. Qxa7 {[%emt 0:00:25]} Nf4 {[%emt 0:00:24]} 32. Qe3 {[%emt 0:00:49]} Rd3 {[%emt 0:00:20]} 33. Qe4 {[%emt 0:00:22]} h5 {[%emt 0:00:20]} 34. Bd1 {[%emt 0:00:38]} Qxa1 {[%emt 0:00:52]} 35. Bc2 {[%emt 0:00:22]} Qd4 {[%emt 0:00:35]} 36. Bxd3 {[%emt 0:00:14]} Qxd3 {[%emt 0:00:05]} 37. Qxd3 {[%emt 0:00:26]} Nxd3 {[%emt 0:00:02]} 38. Rd1 {[%emt 0:00:20]} Nb4 {[%emt 0:01:16]} 39. a3 {[%emt 0:00:31]} Nc2 {[%emt 0:00:14]} 40. Rd5 {[%emt 0:00:00]} g6 {[%emt 0:00:00]} 41. a4 {[%emt 0:01:26]} Rf4 {[%emt 0:05:16]} 42. Rc5 {[%emt 0:04:50]} Na3 {[%emt 0:01:27]} 43. Ra5 {[%emt 0:03:46]} Kg7 {[%emt 0:00:15]} 44. g3 {[%emt 0:00:52]} Rb4 {[%emt 0:00:11]} 45. Ra7+ {[%emt 0:01:48]} Kh6 {[%emt 0:03:58]} 46. a5 {[%emt 0:01:55]} Ra4 {[%emt 0:01:35]} 47. a6 {[%emt 0:01:50]} Nb5 {[%emt 0:09:33]} 48. Rb7 {[%emt 0:00:56]} Nd4 {[%emt 0:00:49]} 49. Rb6 {[%emt 0:02:32]} h4 {[%emt 0:00:21]} 50. gxh4 {[%emt 0:01:58]} Nf3+ {[%emt 0:03:09]} 51. Kf1 {[%emt 0:02:42]} Ra2 {[%emt 0:00:14]} 52. Rf6 {[%emt 0:05:30]} Nxh4 {[%emt 0:00:44]} 53. Rf8 {[%emt 0:01:49]} Nf5 {[%emt 0:05:04]} 54. Ra8 {[%emt 0:00:09]} Ne7 {[%emt 0:03:05]} 55. Kg2 {[%emt 0:00:54]} Nc6 {[%emt 0:01:23]} 56. Kg3 {[%emt 0:01:29]} Kg7 {[%emt 0:00:48]} 57. h4 {[%emt 0:00:14]} Nb4 {[%emt 0:00:47]} 58. Kg4 {[%emt 0:02:19]} Ra5 {[%emt 0:00:52]} 59. f4 {[%emt 0:01:01]} Nxa6 {[%emt 0:00:39]} 60. f5 {[%emt 0:00:11]} gxf5+ {[%emt 0:00:33]} 61. Kg5 {[%emt 0:00:05]} f4+ {[%emt 0:00:35]} 62. Kxf4 {[%emt 0:00:15]} Ra4+ {[%emt 0:00:02]} 1/2-1/2

[Event "VI Sunway Sitges Open 2019"]
[Site "Sitges"]
[Date "2019.12.16"]
[Round "4.37"]
[White "Vega Gutierrez, Sabrina"]
[Black "Harsha Bharathakoti"]
[Result "0-1"]
[WhiteElo "2360"]
[BlackElo "2523"]
[Annotator "ChessBase"]
[PlyCount "136"]
[EventDate "2019.12.13"]
[EventType "swiss"]
[EventCountry "ESP"]
[SourceTitle "playchess.com"]
[Source "ChessBase"]
[SourceQuality "1"]
[TimeControl "40/5400+30:1800+30"]

1. d4 {[%emt 0:00:00]} d5 {[%emt 0:00:21]} 2. c4 {[%emt 0:00:00]} e6 {[%emt 0:00:13]} 3. Nf3 {[%emt 0:00:09]} Nf6 {[%emt 0:00:06]} 4. e3 {[%emt 0:00:21]} b6 {[%emt 0:00:26]} 5. cxd5 {[%emt 0:06:33]} exd5 {[%emt 0:00:25]} 6. Nc3 {[%emt 0:00:37]} Bb7 {[%emt 0:04:19]} 7. Bd3 {[%emt 0:04:13]} Bd6 {[%emt 0:02:21]} 8. Qa4+ {[%emt 0:02:30]} Nbd7 {[%emt 0:07:38]} 9. Ne5 {[%emt 0:04:29]} O-O {[%emt 0:28:54]} 10. f4 {[%emt 0:05:32]} a6 {[%emt 0:05:54]} 11. O-O {[%emt 0:04:17]} Re8 {[%emt 0:08:12]} 12. b4 {[%emt 0:05:13]} Nf8 {[%emt 0:04:28]} 13. Qb3 {[%emt 0:05:51]} Qe7 {[%emt 0:01:37]} 14. b5 {[%emt 0:05:09]} a5 {[%emt 0:04:59]} 15. a4 {[%emt 0:15:21]} Rad8 {[%emt 0:02:49]} 16. Ra2 {[%emt 0:05:37]} Ng6 {[%emt 0:06:55]} 17. Rc2 {[%emt 0:07:29]} Qf8 {[%emt 0:05:30]} 18. Ne2 {[%emt 0:04:26]} Ne4 {[%emt 0:02:16]} 19. Ng3 {[%emt 0:03:21]} Nxg3 {[%emt 0:01:49]} 20. hxg3 {[%emt 0:00:03]} Qe7 {[%emt 0:03:55]} 21. g4 {[%emt 0:07:34]} Nf8 {[%emt 0:02:25]} 22. g5 {[%emt 0:00:05]} Ne6 {[%emt 0:03:08]} 23. Nc6 {[%emt 0:00:35]} Bxc6 {[%emt 0:00:02]} 24. Rxc6 {[%emt 0:00:16]} Nf8 {[%emt 0:00:05]} 25. Rf3 {[%emt 0:01:49]} Ng6 {[%emt 0:00:27]} 26. Rh3 {[%emt 0:04:55]} Nf8 {[%emt 0:00:54]} 27. Qc2 {[%emt 0:01:49]} g6 {[%emt 0:00:05]} 28. Qf2 {[%emt 0:03:33]} Ba3 {[%emt 0:00:55]} 29. Bd2 {[%emt 0:01:52]} Bb4 {[%emt 0:00:05]} 30. Bc1 {[%emt 0:00:03]} Ba3 {[%emt 0:00:10]} 31. Bxa3 {[%emt 0:00:43]} Qxa3 {[%emt 0:00:05]} 32. Qc2 {[%emt 0:00:06]} Rd7 {[%emt 0:01:42]} 33. f5 {[%emt 0:00:11]} Rde7 {[%emt 0:01:12]} 34. fxg6 {[%emt 0:03:03]} fxg6 {[%emt 0:02:06]} 35. Rf6 {[%emt 0:00:00]} Rxe3 {[%emt 0:00:28]} 36. Bxg6 {[%emt 0:00:00]} Rxh3 {[%emt 0:00:33]} 37. Bf7+ {[%emt 0:00:04]} Kg7 {[%emt 0:00:29]} 38. Bxe8 {[%emt 0:00:16]} Qa1+ {[%emt 0:00:10]} 39. Rf1 {[%emt 0:00:44]} Qxd4+ {[%emt 0:00:50]} 40. Qf2 {[%emt 0:00:00]} Qxf2+ {[%emt 0:00:00]} 41. Rxf2 {[%emt 0:01:34]} Rc3 {[%emt 0:01:41]} 42. Rf7+ {[%emt 0:09:41]} Kg8 {[%emt 0:00:04]} 43. Re7 {[%emt 0:00:15]} Ng6 {[%emt 0:03:43]} 44. Bxg6 {[%emt 0:06:29]} hxg6 {[%emt 0:00:44]} 45. Rd7 {[%emt 0:00:03]} Rc4 {[%emt 0:03:09]} 46. Rxd5 {[%emt 0:04:54]} Kf7 {[%emt 0:00:25]} 47. Rd8 {[%emt 0:01:11]} Ke6 {[%emt 0:09:46]} 48. Rf8 {[%emt 0:01:00]} Rxa4 {[%emt 0:00:07]} 49. Rf6+ {[%emt 0:00:05]} Ke7 {[%emt 0:10:50]} 50. Rc6 {[%emt 0:05:03]} Kd7 {[%emt 0:00:16]} 51. Rxg6 {[%emt 0:00:11]} Rb4 {[%emt 0:00:07]} 52. Rg7+ {[%emt 0:01:31]} Kc8 {[%emt 0:04:56]} 53. g6 {[%emt 0:00:05]} Rxb5 {[%emt 0:00:04]} 54. Rf7 {[%emt 0:00:15]} Rg5 {[%emt 0:00:08]} 55. g7 {[%emt 0:00:03]} Kb7 {[%emt 0:00:02]} 56. Kh2 {[%emt 0:00:31]} a4 {[%emt 0:00:07]} 57. Kh3 {[%emt 0:00:50]} a3 {[%emt 0:00:06]} 58. Rf3 {[%emt 0:00:53]} Rxg7 {[%emt 0:00:04]} 59. Rxa3 {[%emt 0:00:06]} b5 {[%emt 0:00:04]} 60. g4 {[%emt 0:01:10]} b4 {[%emt 0:00:40]} 61. Rg3 {[%emt 0:01:14]} c5 {[%emt 0:00:31]} 62. g5 {[%emt 0:00:40]} Kc6 {[%emt 0:00:27]} 63. Kg4 {[%emt 0:00:48]} c4 {[%emt 0:02:49]} 64. Kf3 {[%emt 0:01:26]} b3 {[%emt 0:00:15]} 65. Ke2 {[%emt 0:01:21]} b2 {[%emt 0:00:16]} 66. Rg1 {[%emt 0:00:03]} Rxg5 {[%emt 0:00:10]} 67. Rb1 {[%emt 0:00:41]} Rg2+ {[%emt 0:00:09]} 68. Ke3 {[%emt 0:00:12]} Kc5 {[%emt 0:00:05] Kd4+} 0-1

[Event "VI Sunway Sitges Open 2019"]
[Site "Sitges"]
[Date "2019.12.16"]
[Round "4.38"]
[White "Narciso Dublan, Marc"]
[Black "Borocz, Istvan"]
[Result "1-0"]
[WhiteElo "2516"]
[BlackElo "2346"]
[Annotator "ChessBase"]
[PlyCount "77"]
[EventDate "2019.12.13"]
[EventType "swiss"]
[EventCountry "ESP"]
[SourceTitle "playchess.com"]
[Source "ChessBase"]
[SourceQuality "1"]
[TimeControl "40/5400+30:1800+30"]

1. e4 {[%emt 0:00:00]} e5 {[%emt 0:04:19]} 2. Nf3 {[%emt 0:00:00]} Nc6 {[%emt 0:00:08]} 3. Bb5 {[%emt 0:00:12]} Nf6 {[%emt 0:00:22]} 4. d3 {[%emt 0:01:08]} Bc5 {[%emt 0:00:05]} 5. Bxc6 {[%emt 0:00:54]} dxc6 {[%emt 0:00:35]} 6. O-O {[%emt 0:00:26]} Nd7 {[%emt 0:06:05]} 7. Nbd2 {[%emt 0:13:04]} O-O {[%emt 0:01:23]} 8. Nc4 {[%emt 0:00:19]} Re8 {[%emt 0:01:53]} 9. Bd2 {[%emt 0:01:13]} Bd6 {[%emt 0:19:29]} 10. Kh1 {[%emt 0:10:54]} Nf8 {[%emt 0:01:58]} 11. Ng1 {[%emt 0:00:46]} Ng6 {[%emt 0:01:46]} 12. Ne2 {[%emt 0:02:04]} Bf8 {[%emt 0:09:25]} 13. Bc3 {[%emt 0:06:28]} b5 {[%emt 0:13:17]} 14. Ne3 {[%emt 0:00:46]} Bd6 {[%emt 0:04:01]} 15. Ng3 {[%emt 0:09:24]} c5 {[%emt 0:07:26]} 16. a4 {[%emt 0:03:14]} c6 {[%emt 0:01:00]} 17. Ngf5 {[%emt 0:00:31]} Bf8 {[%emt 0:01:06]} 18. b3 {[%emt 0:07:26]} a6 {[%emt 0:02:14]} 19. Qg4 {[%emt 0:20:16]} f6 {[%emt 0:06:37]} 20. g3 {[%emt 0:04:42]} Kh8 {[%emt 0:02:36]} 21. f4 {[%emt 0:00:45]} Ra7 {[%emt 0:02:56]} 22. Rf3 {[%emt 0:08:54]} Bd6 {[%emt 0:01:42]} 23. Raf1 {[%emt 0:03:54]} Bb8 {[%emt 0:02:26]} 24. h4 {[%emt 0:01:17]} Rf7 {[%emt 0:01:33]} 25. h5 {[%emt 0:00:21]} Nf8 {[%emt 0:00:16]} 26. Qh4 {[%emt 0:00:50]} Ne6 {[%emt 0:05:04]} 27. fxe5 {[%emt 0:02:40]} fxe5 {[%emt 0:01:30]} 28. Qxd8 {[%emt 0:00:33]} Rxd8 {[%emt 0:00:42]} 29. Ng4 {[%emt 0:00:37]} Ng5 {[%emt 0:00:59]} 30. R3f2 {[%emt 0:00:10]} Re8 {[%emt 0:00:29]} 31. h6 {[%emt 0:00:42]} gxh6 {[%emt 0:01:06]} 32. Ngxh6 {[%emt 0:00:48]} Rff8 {[%emt 0:00:53]} 33. Ng4 {[%emt 0:00:32]} Kg8 {[%emt 0:00:36]} 34. Ne7+ {[%emt 0:00:29]} Kg7 {[%emt 0:00:06]} 35. Rxf8 {[%emt 0:00:15]} Rxf8 {[%emt 0:00:48]} 36. Rxf8 {[%emt 0:00:09]} Kxf8 {[%emt 0:00:10]} 37. Nxc8 {[%emt 0:00:06]} Nf7 {[%emt 0:00:05]} 38. Ba5 {[%emt 0:01:26]} Ng5 {[%emt 0:01:09]} 39. Nf6 {[%emt 0:00:25]} 1-0